000 01091nam a2200253Ia 4500
003 OSt
005 20250612150114.0
008 191128s2018 ck gr 000 j spa d
020 _a9789583057007
040 _aCO-JMCR
_cCO-JMCR
041 _aspa
082 0 4 _aJ-N
_bVOGt
100 _aVogel, Maja von,
_eautor
_95256
245 1 3 _aEl vengador rojo /
_cMaja von Vogel
250 _aPrimera edición
260 _aBogotá :
_bPanamericana,
_c2018.
300 _a155 páginas ;
_c18 cm.
490 _aLas tres detectives
500 _aRecomendado de 8 a 12 años.
505 _aLa visita del chef -- ¡Cuidado : un robo! -- Franzi presta declaración -- Interrogatorio en el parque Schiller -- Por una buena vecindad -- Motocicletas y una pista caliente --Los sueños son una ilusión
520 _a¡Un vengador está rondando las calles! Un ladrón roba la mochila de Franzi, y de la nada, sale un motociclista a socorrerla. Toda la ciudad está en crisis : tan pronto como sucede un delito, el Vengador Rojo está allí.
650 _aCuentos juveniles
_9607
942 _2ddc
_cBK
999 _c4347
_d4347